Na lune /
| Hlavní autor: | Ciolkovskij, Konstantin Èduardovič, 1857-1935 |
|---|---|
| Jazyk: | Ruština |
| Vydáno: |
Moskva : Sovetskaja Rossija, 1957 |
| Fyzický popis: |
47 s. |
| LEADER | 00582nam a22001932a 4500 | ||
|---|---|---|---|
| 001 | 000220920 | ||
| 003 | CZ BrMZK | ||
| 005 | 20141217131655.0 | ||
| 007 | ta | ||
| 008 | 950101s1957 ru f 000 0 rus d | ||
| 040 | |a BOA001 |b cze | ||
| 100 | 1 | |a Ciolkovskij, Konstantin Èduardovič, |d 1857-1935 |7 jn19990210146 |4 aut | |
| 245 | 1 | 0 | |a Na lune / |c K.E. Ciolkovskij |
| 260 | |a Moskva : |b Sovetskaja Rossija, |c 1957 | ||
| 300 | |a 47 s. | ||
| 910 | |a BOA001 |b 2-0406.537 | ||
| 990 | |a BK | ||
| 991 | |b 201408 | ||
| 996 | 7 | |b 2619914486 |c 2-0406.537 |l MZK |r Sklad / do 24 hodin |n 2 |w 000220920 |u 000010 |a 1 |e BOA001 |j MZK50 |s A | |
English
Čeština 